Participa Buenos Aires : Centro Comunitario para la promoción del desarrollo inclusivo de Buenos Aires, Puntarenas
Salvato in:
| Autore principale: | |
|---|---|
| Altri autori: | , , |
| Natura: | Sconosciuto |
| Lingua: | Spanish |
| Pubblicazione: |
[San José,Costa Rica],
2012
|
| Soggetti: | |
| Accesso online: | https://cedi.ucr.ac.cr/arquitectura/participa-buenos-aires-centro-comunitario-para-la-promocion-del-desarrollo-inclusivo-de-buenos-aires-puntarenas/ |
| Tags: |
Aggiungi Tag
Nessun Tag, puoi essere il primo ad aggiungerne!!
|
MARC
| LEADER | 00000 a2200000 4500 | ||
|---|---|---|---|
| 003 | EA0047 | ||
| 005 | 20230824154730.0 | ||
| 008 | 140114s2012 cr a 000 ||spa d | ||
| 040 | |c cru CEDI | ||
| 090 | |a TFG EA-047 | ||
| 100 | |a Quirós Sánchez, Ruth |9 20007 | ||
| 245 | |a Participa Buenos Aires : Centro Comunitario para la promoción del desarrollo inclusivo de Buenos Aires, Puntarenas | ||
| 260 | |a [San José,Costa Rica], |c 2012 | ||
| 500 | |a Seminario de graduación (licenciatura en arquitectura)--Universidad de Costa Rica. Facultad de Ingeniería. Escuela de Arquitectura | ||
| 501 | |a Director de Seminario de Graduación: José Enrique Garnier Zamora | ||
| 650 | |9 20010 |x BUENOS AIRES (PUNTARENAS, COSTA RICA) |x CENTROS COMUNALES - BUENOS AIRES (PUNTARENAS, COSTA RICA) - DISEÑOS Y PLANOS |x DESARROLLO DE LA COMUNIDAD - BUENOS AIRES (PUNTARENAS, COSTA RICA) |x ARQUITECTURA Y PERSONAS CON DISCAPACIDADES |x DISEÑO ARQUITECTONICO | ||
| 700 | |9 20008 |a Robles Loaiza, Delio | ||
| 700 | |9 20009 |a Sanabria Araya, David | ||
| 700 | |9 72 |a Garnier Zamora, José Enrique, 1957- |d Director del TFG | ||
| 856 | |u https://cedi.ucr.ac.cr/arquitectura/participa-buenos-aires-centro-comunitario-para-la-promocion-del-desarrollo-inclusivo-de-buenos-aires-puntarenas/ |y https://cedi.ucr.ac.cr/arquitectura/participa-buenos-aires-centro-comunitario-para-la-promocion-del-desarrollo-inclusivo-de-buenos-aires-puntarenas/ | ||
| 942 | |c CEDI |2 ddc | ||
| 999 | |c 12761 |d 12761 | ||
